00753nam a2200229Ia 4500003000400000005001700004008004100021020002200062040000700084041000800091082002500099100002700124245005000151260004400201300001800245365001300263650002800276906005100304942001200355999001900367952013700386OSt20230503141805.0210423s2015 xx 000 0 und d a978-1-107-09680-6 cAL aeng a331.10954 223bRAML aRAMASWAMY (K V)997114 aLabour employment and economic groth in India aDelhibCambridge University Pressc2015 axviii,323bHB b995cINR aLabour Economics997115 aeconomic ; employment ; groth ; India ; Labour 2ddccBK c170793d170793 001040708ECOaSACPGbSACPGd2021-01-02eVidyarthi Booksg995.00l0o331.10954 RAMLpPG017295r2022-08-24 00:00:00w2021-04-26yBK